Städte Österreichs mit den meisten Punkten in Scrabble - Statistiken

Allgemein
  • Dieses Quiz wurde 19 mal gespielt
  • Das Durchschnittsergebnis liegt bei 4 aus 19
Antwortstatistiken
Punkte Buchstaben Bundesland Stadt % Korrekt
23 9 TI Kitzbühel
59%
25 11 Sankt Pölten
59%
38 11 Vöcklabruck
53%
32 11 KT Völkermarkt
47%
24 16 ST Deutschlandsberg
35%
29 12 ST Mürzzuschlag
29%
26 14 BG Oberpullendorf
29%
28 13 SB Bischofshofen
24%
23 11 ST Fürstenfeld
24%
24 9 Bad Vöslau
12%
23 15 Groß-Enzersdorf
12%
25 7 ST Köflach
12%
24 16 KT Bad St. Leonhard (im Lavanttal)
6%
23 13 BG Frauenkirchen
6%
24 11 Kirchschlag (in der Buckligen Welt)
6%
24 14 Gallneukirchen
0%
23 8 ST Oberwölz
0%
23 8 Pöchlarn
0%
25 8 Poysdorf
0%
Keine übereinstimmenden Quizze gefunden
Verteilung der Resultate
Anzahl Personen mit jedem Resultat
Perzentil nach korrekt beantworteten Fragen
Ihre Resultats-Entwicklung
Sie haben dieses Quiz noch nicht gespielt